01319nam a2200289Ia 450000500170000000800410001702000220005808200180008010000190009824501200011725000190023730000760025650001160033250502310044865000410067965000360072065000360075670000290079270000270082194200130084826400300086133600270089133700330091833800280095104000350097999900150101420220317001129.0160825s2008 sp a g 000 0 spa  a9,7884494227e+01204aR 796.01bM151 aGaldón, Omar10aManual de educación física y deportesbtécnicas y actividades prácticascOmar Galdón ... [y otros cuatro] a1a. edición  a607 páginas bilustraciones, fotos y tablas en colorb1 CD-ROMc25 cm aEl CD-ROM tiene como título: Deporte y musculación. Consultar el CD-ROM bajo clasificación: R 796.01/M15 aAprendizaje y enseñanza de la educación física y el deporte ; Bases anatomia ; fisiológicas de la actividad física ; Actividad física y salud ; Actividades fisicodeportivas ; Teoría y práctica del entrenamiento142LEMBaEducación físicaxManuales14aPlanificación deportiva2LEMB142LEMBaEntrenamiento atlético 1 aBennassar, Marta 9665651 aGaldón, Omar 966566 2ddccREF aBarcelonabOcéanoc2008 atextobtxt2rdacontent asin mediaciónbn2rdamedia avolumenbnc2rdacarrier aCO-BoRNBPbspaerdacCO-BoRNBP c6016d6016